Теоретические основы цифровой обработки и представления сигналов: учебное пособие

Detaylı Bibliyografya
Yazar: Умняшкин С. В. Сергей Владимирович
Özet:Учебное пособие предназначено для студентов, обучающихся по направлению «Информатика и вычислительная техника» и специальности «Прикладная математика», включает в себя общие теоретические вопросы, связанные с цифровым представлением сигналов, основами анализа линейных дискретных систем. Значительное внимание уделено вопросам эффективного представления информации (сжатия данных) и использования вейвлет-преобразований. Предназначено для студентов вузов, может быть рекомендовано в качестве дополнительного материала для направлений радиотехнического и телекоммуникационного профиля.
Dil:Rusça
Baskı/Yayın Bilgisi: Москва, Форум, 2008
Seri Bilgileri:Высшее образование
Konular:
Materyal Türü: Kitap
KOHA link:https://koha.lib.tpu.ru/cgi-bin/koha/opac-detail.pl?biblionumber=156575

MARC

LEADER 00000nam0a2200000 4500
001 156575
005 20231101221918.0
010 |a 9785819903575  |b (Форум) (в пер.)  |b 2000 экз.  |b (ИНФРА-М) 
010 |a 978-5-16-003277-1 
021 |a RU  |b 08-14872  |9 08-808 
035 |a (RuTPU)RU\TPU\book\169817 
090 |a 156575 
100 |a 20080331d2008 m y0rusy5002 ca 
101 0 |a rus 
102 |a RU 
105 |a a j 001zy 
200 1 |a Теоретические основы цифровой обработки и представления сигналов  |e учебное пособие   |f С. В. Умняшкин 
210 |a Москва  |c Форум  |c Инфра-М  |d 2008 
215 |a 303 с.  |c ил. 
225 1 |a Высшее образование 
320 |a Библиогр.: с. 301-302. 
330 |a Учебное пособие предназначено для студентов, обучающихся по направлению «Информатика и вычислительная техника» и специальности «Прикладная математика», включает в себя общие теоретические вопросы, связанные с цифровым представлением сигналов, основами анализа линейных дискретных систем. Значительное внимание уделено вопросам эффективного представления информации (сжатия данных) и использования вейвлет-преобразований. Предназначено для студентов вузов, может быть рекомендовано в качестве дополнительного материала для направлений радиотехнического и телекоммуникационного профиля. 
606 0 |a Электрические сигналы  |x Обработка цифровая  |x Учебники и пособия  |2 RuMRKP 
606 1 |a Сигналы  |x Цифровая обработка  |2 stltpush  |3 (RuTPU)RU\TPU\subj\67734  |9 83426 
610 1 |a сигналы 
610 1 |a цифровое представление 
610 1 |a функциональный анализ 
610 1 |a информатика 
610 1 |a спектральное представление 
610 1 |a дискретизация 
610 1 |a квантование 
610 1 |a дискретные ортогональные преобразования 
610 1 |a линейные дискретные системы 
610 1 |a информация 
610 1 |a прикладная теория 
610 1 |a дискретные сигналы 
610 1 |a вейвлет-преобразования 
610 1 |a приложения 
610 1 |a учебные пособия 
610 1 |a вычислительная техника 
675 |a 621.372.037(075.8)  |v 3 
700 1 |a Умняшкин  |b С. В.  |g Сергей Владимирович  |4 070 
801 1 |a RU  |b 63413507  |c 20090330  |g PSBO 
801 2 |a RU  |b 63413507  |c 20150616  |g PSBO 
900 |a Цифровая обработка сигналов 
900 |a Цифровая обработка сигналов и изображений 
942 |c BK 
951 |b 230100  |b 230401 
959 |a 41/20090326  |d 2  |e 169,90  |f АНЛ:1  |f ЧЗТЛ:1